Provinces of the Belgian Empire in 1933 on a Map - Statistics

General Stats
  • This quiz has been taken 72 times
  • The average score is 11 of 35
Answers on the Map
Answers color-coded by a green-red scale on the quiz's map according to % correct below.
 
Answer Stats
N Answer % Correct
1 Luxembourg
92%
1 Antwerp
86%
1 Liège
78%
1 Brabant
76%
5 Tianjin
75%
1 Limburg
71%
1 Hainaut
67%
1 Namur
67%
1 East Flanders
65%
1 West Flanders
65%
3 Kigali
57%
2 Léopoldville
54%
2 Katanga
44%
2 Kivu
29%
2 Kasaï
25%
2 Equateur
16%
2 Orientale
11%
4 Kitega
10%
3 Kisenyi
8%
4 Usumbura
8%
3 Astrida
6%
4 Gozi
6%
4 Rumonge
6%
3 Gatsibu
5%
3 Kabaya
5%
4 Muhinga
5%
3 Mushao
5%
3 Nyanza
5%
3 Ruhengeri
5%
3 Rukira
5%
4 Rutana
5%
4 Ruyigi
5%
3 Shangugu
5%
4 Muramvra
3%
4 Nyanza Lac
3%
No matching quizzes found
Score Distribution
Percent of People with Each Score
Percentile by Number Answered
Your Score History
You have not taken this quiz